Football - clubs formateurs des champions du monde 1998 - Statistiques

Statistiques générales
  • Ce quiz a été pris 25 fois
  • Le résultat moyen est 11 sur 22
Statistiques - réponses
Hint Réponse % Correct
Zinédine Zidane AS Cannes
79%
Thierry Henry AS Monaco
79%
Bixente Lizarazu Girondins de Bordeaux
79%
Marcel Desailly FC Nantes
75%
Didier Deschamps FC Nantes
75%
Lilian Thuram AS Monaco
71%
Lionel Charbonnier AJ Auxerre
67%
Christophe Dugarry Girondins de Bordeaux
67%
Laurent Blanc Montpellier HSC
67%
Christian Karembeu FC Nantes
63%
Emmanuel Petit AS Monaco
58%
Fabien Barthez Toulouse FC
58%
Bernard Diomède AJ Auxerre
42%
Robert Pirès Stade de Reims
38%
Bernard Lama Lille OSC
33%
Youri Djorkaeff FC Grenoble Dauphiné
29%
Vincent Candela Montpellier HSC
29%
Alain Boghossian Olympique de Marseille
29%
Stéphane Guivarc'h Brest Armorique
21%
David Trezeguet CA Platense
21%
Frank Lebœuf SC Toulon
17%
Patrick Vieira FC Tours
13%
Aucun quiz correspondant
Distribution des résultats
% des personnes avec chaque résultat
Percentile par nombre de réponses
Votre historique - résultats
Vous n’avez pas pris ce quiz